Guía de ciencias sociales para el instructor nivel II : curso de capacitación a instructores.

Guardado en:
Detalles Bibliográficos
Autor corporativo: Consejo Nacional de Fomento Educativo (México)
Formato: Libro
Idioma:Español
Temas:
Etiquetas: Agrega una etiqueta
Sin etiquetas, Sé el primero en etiquetar este registro!

MARC

LEADER 00000cam^a2200000uu^4500
001 000463956
005 20250521000000.0
008 050901s1985^^^^^^^^^^^^rd^r^^000^0^spa^d
009 20260310124325.266
035 |a FCE 000006508 
035 |a FCE 025420 
037 |a Acervo ITESO - Biblioteca 
041 |a spa 
082 0 4 |a 372.1  |b CONc 37 
110 |a Consejo Nacional de Fomento Educativo (México) 
245 1 0 |a Guía de ciencias sociales para el instructor nivel II :  |b curso de capacitación a instructores. 
264 |a México :  |b CONAFE,  |c 1985. 
300 |a 17 p. 
336 |a texto  |b txt  |2 rdacontenido 
337 |a sin mediación  |b n  |2 rdamedio 
338 |a volumen  |b nc  |2 rdasoporte 
649 |a XX 
650 |a Ciencias sociales 
650 |a Guía 
650 |a Curso de capacitación 
650 |a Instructor 
910 |a Fondo Centro de Estudios Educativos 
920 |a Impresos - Libros 
930 |a Fondos Especiales 
905 |a 133 
901 |a ALE025420  |b IT2  |c CEE  |u 20250521 
902 |a https://opac.biblio.iteso.mx/vufind/Record/000463956